Daňové systémy vo vybratých krajinách

Prehľad daňových systémov niektorých krajín (Nemecko, Belgicko, Ruská federácia, Veľká Británia, USA, Francúzsko, Česká republika). Spôsob využívania prostriedkov z nich plynúcich. Možnosti občana kontrolovať, ako sa s nimi nakladá.

Gespeichert in:
Bibliographische Detailangaben
Format: Buchkapitel
Sprache:Slowakisch
Schlagworte:
Tags: Tag hinzufügen
Keine Tags, Fügen Sie das erste Tag hinzu!

MARC

LEADER 00000naa a2200000 4500
001 r026783
005 20230824090209.5
041 0 |a slo 
044 |a SK 
245 1 0 |a Daňové systémy vo vybratých krajinách 
520 |a Prehľad daňových systémov niektorých krajín (Nemecko, Belgicko, Ruská federácia, Veľká Británia, USA, Francúzsko, Česká republika). Spôsob využívania prostriedkov z nich plynúcich. Možnosti občana kontrolovať, ako sa s nimi nakladá. 
610 2 0 |a Nemecko 
610 2 0 |a Belgicko 
610 2 0 |a Rusko 
610 2 0 |a Veľká Británia 
610 2 0 |a USA 
610 2 0 |a Francúzsko 
610 2 0 |a Česko 
610 2 0 |a dane 
610 2 0 |a sústava daňová 
610 2 0 |a kontrola